00989nam a2200277Ia 450000500170000000800390001702000180005610000380007424501020011225000220021426400260023630000260026233600270028833700330031533800280034849000370037654600400041365000400045365000420049365000310053565000250056665000330059170000410062404000350066508400110070020220317000336.0141031s2012 sp 0 sga d0p s spa a97884206585061 aBlake Tyrrell, Williamd1757-182710aAntología bilingüecWilliam Blake ; introducción y traducción de Enrique Caracciolo Trejo aTercera edición 1aMadridbAlianzac2012 a300 páginasc18 cm. atextobtxt2rdacontent asin mediaciónbn2rdamedia avolumenbnc2rdacarrier aEl libro de bolsillo Literatura aTexto bilingüe español-inglés142LEMBaPoesía inglesaySiglo XVIII142LEMBaLiteratura inglesaySiglo XVIII142LEMBaBien y malvPoesía142LEMBaAmorvPoesía142LEMBaRomanticismovPoesía1 aCaracciolo Trejo, Enriqueetraductor aCO-BoRNBPbspaerdacCO-BoRNBP aP BLA7